Statistics for NFL 2023 starting QBs in high school

Click here to take the quiz!

General Stats

  • This quiz has been taken 65 times
  • The average score is 24 of 32

Answer Stats

Answer% Correct
Patrick Mahomes
94%
Lamar Jackson
89%
Aaron Rodgers
87%
Russell Wilson
87%
Trevor Lawrence
87%
Daniel Jones
83%
Mac Jones
83%
Joe Burrow
81%
Baker Mayfield
79%
Bryce Young
75%
Deshaun Watson
75%
Jalen Hurts
75%
Jimmy Garoppolo
75%
Josh Allen
75%
Kyler Murray
75%
Jared Goff
74%
Tua Tagovailoa
74%
Geno Smith
72%
Justin Herbert
72%
Sam Howell
72%
Brock Purdy
70%
Derek Carr
70%
Jordan Love
70%
Matthew Stafford
70%
Justin Fields
68%
CJ Stroud
66%
Kenny Pickett
66%
Dak Prescott
64%
Anthony Richardson
62%
Desmond Ridder
62%
Kirk Cousins
60%
Ryan Tannehill
57%

Score Distribution

Percentile by Number Answered

Percent of People with Each Score

Your Score History

You have not taken this quiz